| 000 | 00541cam a22001934a 4500 | ||
|---|---|---|---|
| 005 | 20250605164153.0 | ||
| 008 | 250528s ||||||||||||||||||||||||d | ||
| 035 | _a19474 | ||
| 020 | _a9600603391 | ||
| 040 |
_aGR-AtMCL _bgre _dGR-AtMCL _eAACR2 |
||
| 245 | 1 | _aENGLISH COURSE 1 | |
| 250 | _a4 | ||
| 260 |
_bΟργανισμός Εκδόσεων Διδακτικών Βιβλίων, _c1992 |
||
| 300 | _a238 | ||
| 700 | 1 |
_aΤριανταφυλλου Τριανταφυλλος _95724 |
|
| 942 | _cBK | ||
| 999 |
_c4730 _d4730 |
||